000 00936nac a22002777a 4500
001 BR8206594
003 BR-BrBNA
005 20240105115542.0
008 230509b bl.|||m| |||| 00| 0 por d
040 _aBR-BrBNA
_bpor
_cBiblioteca Nacional de Agricultura
072 _aQ10
090 _a9115 BR8206594
100 1 _aDuarte, L.C.
110 1 _aCompanhia Brasileira de Armazenamento, Brasilia, DF (Brasil). Depto. de Operacoes de Unidades Frigorificas
_92309
245 1 _aInstalacoes frigorificas de apoio a producao do setor hortofruticola [armazenamento]
260 3 _aBrasilia, DF (Brasil):
_c1982.
300 _a22 p.
490 _aInformativo Tecnico DEFRI - Companhia Brasileira de Armazenamento (Brazil)
_vno. 12
_x
500 _a6 tables
650 _aARMAZENAMENTO
650 _aFRIGORIFICO
650 _aFRUTA
650 _aLEGUME
909 _a202312
_bLúcia Elande
_c55
_dLúcia Elande
942 _2AGRIS
_n0
_cMS
999 _c275287
_d275287